000
00337 a2200145 4500
001
155453
040
_c
Escola São Tomás de Aquino
100
_a
MEDEL, Cássia Ravena Mulin de A.
240
1
0
_a
Educação infantil
_l
por
245
1
0
_a
Educação infantil
362
0
_a
2011
440
1
_a
Vozes
697
_a
Educação
942
_c
BK
999
_c
155453
_d
155453